Methods of numerical approximation, (Record no. 144707)

MARC details
000 -LEADER
fixed length control field 01037cam a22003131 4500
001 - CONTROL NUMBER
control field ocm00527913
003 - CONTROL NUMBER IDENTIFIER
control field 0
005 - DATE AND TIME OF LATEST TRANSACTION
control field 20230123133219.0
008 - FIXED-LENGTH DATA ELEMENTS--GENERAL INFORMATION
fixed length control field 731212s1966 enk b 000 0 eng
010 ## - LIBRARY OF CONGRESS CONTROL NUMBER
LC control number 66023045
015 ## - NATIONAL BIBLIOGRAPHY NUMBER
National bibliography number GB68-11748
029 1# - OTHER SYSTEM CONTROL NUMBER (OCLC)
OCLC library identifier UKM
System control number b6811748
035 ## - SYSTEM CONTROL NUMBER
-- H130
040 ## - CATALOGING SOURCE
Original cataloging agency DLC
Transcribing agency NUST
Modifying agency UKM
049 ## - LOCAL HOLDINGS (OCLC)
Holding library MAIN
090 ## - LOCALLY ASSIGNED LC-TYPE CALL NUMBER (OCLC); LOCAL CALL NUMBER (RLIN)
Classification number (OCLC) (R) ; Classification number, CALL (RLIN) (NR) QA297.5
100 1# - MAIN ENTRY--PERSONAL NAME
Personal name Handscomb, D. C.
Fuller form of name (David Christopher)
Relator term ed.
245 10 - TITLE STATEMENT
Title Methods of numerical approximation,
Statement of responsibility, etc. edited by D. C. Handscomb.
250 ## - EDITION STATEMENT
Edition statement [1st ed.]
260 ## - PUBLICATION, DISTRIBUTION, ETC.
Place of publication, distribution, etc. Oxford,
-- New York,
Name of publisher, distributor, etc. Pergamon Press
Date of publication, distribution, etc. [1966]
300 ## - PHYSICAL DESCRIPTION
Extent ix, 218 p.
Dimensions 24 cm.
500 ## - GENERAL NOTE
General note Lectures given in Sept. 1965 at a summer school held by the Oxford University Computing Laboratory, with the cooperation of the Delegacy for Extra-Mural Studies.
504 ## - BIBLIOGRAPHY, ETC. NOTE
Bibliography, etc. note Bibliography: p. 199-214.
650 #0 - SUBJECT ADDED ENTRY--TOPICAL TERM
Topical term or geographic name entry element Numerical analysis.
710 2# - ADDED ENTRY--CORPORATE NAME
Corporate name or jurisdiction name as entry element Oxford University Computing Laboratory.
907 ## - LOCAL DATA ELEMENT G, LDG (RLIN)
a .b10047153
b 17-04-03
c 17-04-03
994 ## -
-- 92
-- ZNA
942 ## - ADDED ENTRY ELEMENTS (KOHA)
Koha item type Ordinary Loan Books
Call number prefix QA297.5
Holdings
Date last seen Total Checkouts Full call number Barcode Cost, replacement price Price effective from Koha item type Lost status Source of classification or shelving scheme Damaged status Not for loan Collection Withdrawn status Home library Current library Shelving location Date acquired Cost, normal purchase price
01/23/2023 1 QA297.5 MET 92003013918 80.00 01/23/2023 BOOKS   LCC     NFIC   MAIN MAIN GEN 01/23/2023 80.00